| Поле | Название | Значение |
| |
Тип записи |
i |
| |
Библиографический уровень |
m |
| 001 |
Контрольный номер |
RU\NLR\BIBL_A\011118025 |
| 005 |
Дата корректировки |
20201206205018.6 |
| 010 |
Индекс ISBN |
__ |
| d |
Цена |
122-48 |
| 100 |
Данные общей обработки |
__ |
| a |
Данные общей обработки |
19160928d2013||||||| 0rusy0189 ca |
| 101 |
Язык документа |
0_ |
| a |
Язык текста |
rus |
| 102 |
Страна публикации |
__ |
| a |
Страна публикации |
RU| |
| 105 |
Кодированные данные (монография) |
__ |
| a |
Кодированные данные (монография) |
nn|||||||||zy |
| 127 |
Кодированные данные (звукозаписи-физические характеристики) |
__ |
| a |
Продолжительность проигрывания |
08 час 37 мин |
| 200 |
Заглавие и сведения об ответственности |
1_ |
| a |
Заглавие |
Императоры |
| e |
Сведения, относящиеся к заглавию |
психологические портреты : Павел I, Александр I : [12+] |
| f |
Первые сведения об ответственности |
Г. И. Чулков ; читает Владимир Солдатов |
| b |
Общее обозначение материала |
Звукозапись |
| 210 |
Выходные данные |
__ |
| a |
Место издания |
Москва |
| c |
Издательство |
АРДИС |
| d |
Дата издания |
2013 |
| 215 |
Физическое описание |
__ |
| a |
Объем |
1 электрон. опт. диск (Audio CD) |
| c |
Иллюстрации/тип воспроизводства |
зв. |
| d |
Формат |
12х14 см |
| 225 |
Серия |
__ |
| a |
Серия |
Историческая библиотека |
| 230 |
Специфическая характеристика материала: электронные ресурсы |
__ |
| a |
Обозначение и объем ресурса |
Электронные звуковые данные |
| 300 |
Общие примечания |
__ |
| a |
Общие примечания |
Заглавие с этикетки диска |
| 300 |
Общие примечания |
__ |
| a |
Общие примечания |
Изд. без сокр. |
| 323 |
Примечание о главных создателях, исполнителях, участниках |
__ |
| a |
Примечание о главных создателях, исполнителях, участниках |
Солдатов, В. (читает) |
| 330 |
Аннотация |
__ |
| a |
Аннотация |
В книге Георгия Ивановича Чулкова – известного поэта, прозаика и литературоведа, представлены психологические портреты Павла I и Александра I. Основанная на обширном историческом материале, книга эта, тем не менее, – не научное исследование, а художественное произведение для широкого круга читателей. Императоры у Чулкова – не политические манекены, а живые люди, наделённые всеми человеческими достоинствами и пороками. Они совершают благородные поступки и принимают мудрые решения, грустят и замаливают грехи, ревнуют и пьянствуют, болеют и боятся смерти... |
| 333 |
Примечание о целевом назначении |
__ |
| a |
Примечание о целевом назначении |
12+. Для детей старше 12 лет |
| 337 |
Примечание о системных требованиях (электронные ресурсы) |
__ |
| a |
Примечание о системных требованиях (электронные ресурсы) |
Системные требования: Pentium 4 ; CD-ROM drive ; Windows' 2000 ; зв. карта |
| 600 |
Персоналии |
__ |
| a |
Персоналии (Фамилия) |
Александр |
| c |
Дополнение к имени |
император российский |
| f |
Даты |
1777-1825 |
| 600 |
Персоналии |
__ |
| a |
Персоналии (Фамилия) |
Павел |
| c |
Дополнение к имени |
император российский |
| f |
Даты |
1754-1801 |
| 606 |
Тематические рубрики |
__ |
| a |
Основная рубрика |
Художественная литература |
| 606 |
Тематические рубрики |
__ |
| a |
Основная рубрика |
Русская литература XIX в. (произведения) |
| 606 |
Тематические рубрики |
__ |
| a |
Основная рубрика |
Русская литература XX в. (произведения) |
| 610 |
Ключевые слова |
__ |
| a |
Ключевые слова |
государственные деятели |
| a |
Ключевые слова |
императоры |
| a |
Ключевые слова |
историческая проза |
| a |
Ключевые слова |
исторические деятели |
| a |
Ключевые слова |
исторические романы |
| a |
Ключевые слова |
персоналии |
| a |
Ключевые слова |
психологические портреты |
| a |
Ключевые слова |
тема императоров |
| a |
Ключевые слова |
тема истории |
| a |
Ключевые слова |
тема исторических личностей |
| 686 |
Индексы других классификаций |
__ |
| 2 |
Код системы |
rubbks |
| a |
Классификационный индекс |
84(2=411.2)53-4я04 |
| 700 |
Автор |
_1 |
| a |
Фамилия |
Чулков |
| b |
Имя |
Г. И. |
| f |
Даты |
1879-1939 |
| g |
Полное личное имя |
Георгий Иванович |
| 4 |
Код отношения |
070 |
| 801 |
Источник записи |
_0 |
| a |
Страна |
RU |
| b |
Организация |
Муниципальное бюджетное учреждение культуры "Централизованная библиотечная система" г. Сургут (Центральная городская библиотека им. А. С. Пушкина) |
| c |
Дата составления |
20160928 |
| g |
Правила каталогизации |
КиК/Котельникова |
| 801 |
Источник записи |
_1 |
| a |
Страна |
RU |
| b |
Организация |
Муниципальное бюджетное учреждение культуры "Централизованная библиотечная система" г. Сургут (Центральная городская библиотека им. А. С. Пушкина) |
| c |
Дата составления |
20160928 |
| g |
Правила каталогизации |
КиК/Котельникова |
| 852 |
Данные о местонахождении |
__ |
| j |
Шифр хранения |
84(2=411.2)53-4я04 |
| i |
Авторский знак |
Ч-89 |
| 901 |
Тип документа |
__ |
| t |
Тип документа |
0 |
| 903 |
Характеристики (МАРС) |
__ |
| a |
Дата передачи |
20160928 |
| 969 |
Тип издания |
__ |
| a |
Тип издания |
издание для слепых; аудиокнига |
| 990 |
Данные о заказе (DOS) |
__ |
| j |
Количество экземпляров (DOS) |
1 |
| t |
N записи в КСУ для И/У (DOS) |
201609 |